000 00396nam a22001577a 4500
999 _c6955
_d6955
003 GBCCL
005 20241126110616.0
008 180704b ||||| |||| 00| 0 eng d
040 _cGBC
082 _a225.4821
_bGRE
100 _aGreen,
_912379
245 _aInterlinear Greek - English New Testament/
300 _a670p.
_c21cm
650 _aBible
_vNew Testament
_xGreek
_912362
942 _2ddc
_cREF